Lari dari rumah

Bibliographic Details
Main Author: Ashadi Zain
Other Authors: Fred Suriyani
Format: Book
Published: Selangor : PTS One , 2006
Series:Siri Adam kecil
Subjects:

MARC

LEADER 00000cam a2200000 7i4500
001 0000001043
005 20151222.0
008 070704
020 |a 9833653057 
020 |a 9833653188(set) 
090 0 0 |a JF   |b MAL 
100 0 |a Ashadi Zain 
245 1 0 |a Lari dari rumah   |c Ashadi Zain,Fred Suriya 
260 |a Selangor :   |b PTS One ,   |c 2006 
440 |a Siri Adam kecil 
500 |a Children ages 10-12 years old (pink) 
650 0 |a Malay fiction 
700 0 |a Fred Suriyani 
999 |a 0000958600   |b Book   |c Children Collection   |e Perbadanan Perpustakaan Awam Johor 
999 |a 0000958601   |b Book   |c Children Collection   |e Perbadanan Perpustakaan Awam Johor 
999 |a 0000958602   |b Book   |c Children Collection   |e Perbadanan Perpustakaan Awam Johor 
999 |a 0000958603   |b Book   |c Children Collection   |e Cawangan Tmn. Ungku Tun Aminah 
999 |a 0000958604   |b Book   |c Children Collection   |e Perbadanan Perpustakaan Awam Johor 
999 |a 0000991255   |b Book   |c Children Collection   |e Cawangan Pontian 
999 |a 0000991259   |b Book   |c Children Collection   |e Cawangan Taman Universiti